Come Home the Kids Miss You - Jack Harlow - Statistics

General Stats
  • This quiz has been taken 7 times
  • The average score is 12 of 15
Answer Stats
Songs Plays Artists % Correct
First Class 941,615,294 Jack Harlow
100%
Like A Blade Of Grass 55,491,738 Jack Harlow
100%
Churchill Downs 194,188,580 Jack Harlow, Drake
83%
Movie Star 28,251,733 Jack Harlow, Pharrell Williams
83%
Parent Trap 21,085,502 Jack Harlow, Justin Timberlake
83%
Poison 25,941,692 Jack Harlow, Lil Wayne
83%
State Fair 16,929,396 Jack Harlow
83%
Dua Lipa 203,998,708 Jack Harlow
67%
I'd Do Anything To Make You Smile 36,683,921 Jack Harlow
67%
I Got A Shot 41,814,550 Jack Harlow
67%
Lil Secret 21,745,246 Jack Harlow
67%
Nail Tech 253,281,072 Jack Harlow
67%
Side Piece 26,305,269 Jack Harlow
67%
Talk Of The Town 18,750,107 Jack Harlow
67%
Young Harleezy 27,732,235 Jack Harlow
67%
No matching quizzes found
Score Distribution
Percent of People with Each Score
Percentile by Number Answered
Your Score History
You have not taken this quiz